| 000 | 01105nam a22003017a 4500 | ||
|---|---|---|---|
| 001 | BR8305715 | ||
| 003 | BR-BrBNA | ||
| 005 | 20230928091811.0 | ||
| 007 | ta | ||
| 008 | 230509b bl.||||| |||| 00| 0 por d | ||
| 040 |
_aBR-BrBNA _bpor _cBiblioteca Nacional de Agricultura |
||
| 041 | _a(Por) | ||
| 072 |
_aP34; Q02 _b/G514 |
||
| 090 | _ P34 BR8305715 | ||
| 110 | 1 |
_aAssociacao Latino Americana de Microbiologia, Sao Paulo, SP (Brasil); _9636 |
|
| 110 | 1 |
_aSociedade Brasileira de Microbiologia, Sao Paulo, SP (Brasil) _99776 |
|
| 111 | 1 |
_a9. Congresso Latino Americano de Microbiologia; 12. Congresso Brasileiro de Microbiologia _cSao Paulo, SP (Brazil) _d25-29 Jul 1983 |
|
| 245 | 1 | _a9. Congresso Latino Americano de Microbiologia e 12. Congresso Brasileiro de Microbiologia. Programa - resumos | |
| 260 | 3 |
_aSao Paulo, SP (Brasil): _c1983. |
|
| 300 | _a328 p. | ||
| 500 | _aSummary only | ||
| 650 | _aMICROBIOLOGIA DO SOLO | ||
| 650 | _aMICROBIOLOGIA DE ALIMENTO | ||
| 650 | _aMICROBIOLOGIA INDUSTRIAL | ||
| 650 | _aMICROBIOLOGIA | ||
| 909 |
_a202309 _bLucia _c55 _dLucia Elande |
||
| 942 | _cBK | ||
| 999 |
_c35592 _d35592 |
||